Welcome to CU Library Online Public Access Catalogue (OPAC)

Effective patient education : (Record no. 3425)

MARC details
000 -LEADER
fixed length control field 00727pam a2200241 a 4500
001 - CONTROL NUMBER
control field 4416552
005 - DATE AND TIME OF LATEST TRANSACTION
control field 20250204150054.0
008 - FIXED-LENGTH DATA ELEMENTS--GENERAL INFORMATION
fixed length control field 931014s1994 mdu b 001 0 eng c
020 ## - INTERNATIONAL STANDARD BOOK NUMBER
International Standard Book Number 9780834203822
050 00 - LIBRARY OF CONGRESS CALL NUMBER
Classification number R727.4
Item number .F35 1994
082 00 - DEWEY DECIMAL CLASSIFICATION NUMBER
Classification number 615.5/07
Edition information 20
100 1# - MAIN ENTRY--PERSONAL NAME
Personal name Falvo, Donna R.
245 10 - TITLE STATEMENT
Title Effective patient education :
Remainder of title a guide to increased compliance /
Statement of responsibility, etc. Donna R. Falvo.
250 ## - EDITION STATEMENT
Edition statement 2nd ed.
260 ## - PUBLICATION, DISTRIBUTION, ETC.
Place of publication, distribution, etc. Gaithersburg, Md. :
Name of publisher, distributor, etc. Aspen Publishers,
Date of publication, distribution, etc. 1994.
300 ## - PHYSICAL DESCRIPTION
Extent x, 331 p. ;
Dimensions 24 cm.
650 #0 - SUBJECT ADDED ENTRY--TOPICAL TERM
Topical term or geographic name entry element Patient education.
650 #0 - SUBJECT ADDED ENTRY--TOPICAL TERM
Topical term or geographic name entry element Patient education
General subdivision Case studies.
650 #0 - SUBJECT ADDED ENTRY--TOPICAL TERM
Topical term or geographic name entry element Patient compliance.
650 #2 - SUBJECT ADDED ENTRY--TOPICAL TERM
Topical term or geographic name entry element Patient Compliance.
650 #2 - SUBJECT ADDED ENTRY--TOPICAL TERM
Topical term or geographic name entry element Patient Education.
942 ## - ADDED ENTRY ELEMENTS (KOHA)
Source of classification or shelving scheme Library of Congress Classification
Koha item type Books
Edition 2nd ed.
Suppress in OPAC No
999 ## -
-- 3425
-- 3425
Holdings
Withdrawn status Lost status Source of classification or shelving scheme Damaged status Not for loan Collection Home library Current library Shelving location Date acquired Total checkouts Full call number Barcode Date last seen Copy number Price effective from Koha item type
    Library of Congress Classification     Non-fiction Science Library (Miotso) Science Library (Miotso) General stacks 02/04/2025   R727.4 .F35 FAL SLM00002844 02/04/2025 1 02/04/2025 Books
© 2023-2024 Copyright: Central University Libraries. All Rights Reserved | Created by: Mahone Tech Office